|
|
|
|
| LEADER |
02766nam a22005655i 4500 |
| 001 |
978-3-540-32213-9 |
| 003 |
DE-He213 |
| 005 |
20151204173118.0 |
| 007 |
cr nn 008mamaa |
| 008 |
100714s2006 gw | s |||| 0|eng d |
| 020 |
|
|
|a 9783540322139
|9 978-3-540-32213-9
|
| 024 |
7 |
|
|a 10.1007/11671541
|2 doi
|
| 040 |
|
|
|d GrThAP
|
| 050 |
|
4 |
|a QA76.9.A43
|
| 072 |
|
7 |
|a UMB
|2 bicssc
|
| 072 |
|
7 |
|a COM051300
|2 bisacsh
|
| 082 |
0 |
4 |
|a 005.1
|2 23
|
| 245 |
1 |
0 |
|a Efficient Approximation and Online Algorithms
|h [electronic resource] :
|b Recent Progress on Classical Combinatorial Optimization Problems and New Applications /
|c edited by Evripidis Bampis, Klaus Jansen, Claire Kenyon.
|
| 264 |
|
1 |
|a Berlin, Heidelberg :
|b Springer Berlin Heidelberg,
|c 2006.
|
| 300 |
|
|
|a VII, 349 p.
|b online resource.
|
| 336 |
|
|
|a text
|b txt
|2 rdacontent
|
| 337 |
|
|
|a computer
|b c
|2 rdamedia
|
| 338 |
|
|
|a online resource
|b cr
|2 rdacarrier
|
| 347 |
|
|
|a text file
|b PDF
|2 rda
|
| 490 |
1 |
|
|a Lecture Notes in Computer Science,
|x 0302-9743 ;
|v 3484
|
| 505 |
0 |
|
|a Contributed Talks -- On Approximation Algorithms for Data Mining Applications -- A Survey of Approximation Results for Local Search Algorithms -- Approximation Algorithms for Path Coloring in Trees -- Approximation Algorithms for Edge-Disjoint Paths and Unsplittable Flow -- Independence and Coloring Problems on Intersection Graphs of Disks -- Approximation Algorithms for Min-Max and Max-Min Resource Sharing Problems, and Applications -- A Simpler Proof of Preemptive Total Flow Time Approximation on Parallel Machines -- Approximating a Class of Classification Problems -- List Scheduling in Order of ?-Points on a Single Machine -- Approximation Algorithms for the k-Median Problem -- The Lovász-Local-Lemma and Scheduling.
|
| 650 |
|
0 |
|a Computer science.
|
| 650 |
|
0 |
|a Computer communication systems.
|
| 650 |
|
0 |
|a Algorithms.
|
| 650 |
|
0 |
|a Numerical analysis.
|
| 650 |
|
0 |
|a Computer science
|x Mathematics.
|
| 650 |
|
0 |
|a Computer graphics.
|
| 650 |
1 |
4 |
|a Computer Science.
|
| 650 |
2 |
4 |
|a Algorithm Analysis and Problem Complexity.
|
| 650 |
2 |
4 |
|a Discrete Mathematics in Computer Science.
|
| 650 |
2 |
4 |
|a Numeric Computing.
|
| 650 |
2 |
4 |
|a Computer Communication Networks.
|
| 650 |
2 |
4 |
|a Computer Graphics.
|
| 650 |
2 |
4 |
|a Algorithms.
|
| 700 |
1 |
|
|a Bampis, Evripidis.
|e editor.
|
| 700 |
1 |
|
|a Jansen, Klaus.
|e editor.
|
| 700 |
1 |
|
|a Kenyon, Claire.
|e editor.
|
| 710 |
2 |
|
|a SpringerLink (Online service)
|
| 773 |
0 |
|
|t Springer eBooks
|
| 776 |
0 |
8 |
|i Printed edition:
|z 9783540322122
|
| 830 |
|
0 |
|a Lecture Notes in Computer Science,
|x 0302-9743 ;
|v 3484
|
| 856 |
4 |
0 |
|u http://dx.doi.org/10.1007/11671541
|z Full Text via HEAL-Link
|
| 912 |
|
|
|a ZDB-2-SCS
|
| 912 |
|
|
|a ZDB-2-LNC
|
| 950 |
|
|
|a Computer Science (Springer-11645)
|